| 000 | 00560nam a22001697a 4500 | ||
|---|---|---|---|
| 003 | NUST - PNEC | ||
| 005 | 20170116181147.0 | ||
| 008 | 151013b xxu||||| |||| 00| 0 eng d | ||
| 020 | _a661847410785 | ||
| 040 | _cLIBRARY | ||
| 082 | _a621.8 CHI | ||
| 100 |
_915131 _aChironis, Nicholas P. |
||
| 245 |
_aMachine devices and instrumentation : mechanical, electromechanical, hydraulic, thermal, pneumatic, pyrotechnic, photoelectric, optical _c Nicholas P.Chironis |
||
| 260 | _cc 1966 | ||
| 650 |
_915133 _aAutomatic machinery _xGeneral |
||
| 942 |
_2ddc _cBK |
||
| 999 |
_c70780 _d70780 |
||